000 00646nam a2200157 4500
001 7781
005 20181127184345.0
082 _a333.75095498
_b
_2
110 _aSocial Forestry and extension Division, Department of forests and parks services, Ministry of Agriculture and Forests,
_b
_c
_d
_e
_n
_p
245 0 0 _aGuidelines for monitoring & evaluation of community forestry /
_b
_cDepartment of Forests and Park Services, Ministry of Agriculture and Forests.
_h
260 0 0 _aThimphu Bhutan ;
_b
_c2016.
300 0 0 _a30 pages; 21 cm.
650 0 0 _aForest management -- Bhutan.
_x
650 0 0 _aNature conservation.
_x
999 _c6680
_d6680